| 000 | 00712nam a2200205Ii 4500 | ||
|---|---|---|---|
| 003 | JO-AjNU | ||
| 008 | 230605s9999||||xx |||||||||||||| ||und|| | ||
| 017 | _a2006/5/1136 | ||
| 040 |
_aJO-AjNU _bara _erda _cJO-AjNU |
||
| 041 | _aara | ||
| 050 | 1 | 4 | _aN7433.95.S98 2007 |
| 100 | 3 |
_aالسويركي، محمد محمود تأليف, _eauthor _949198 |
|
| 245 | 0 | 0 | _aإضاءات على الفن التشكيلي في إربد |
| 264 | 3 | 1 | _aعمان:وزارةالثقافة,2007 |
| 300 | _a364ص | ||
| 336 |
_atext _btxt _2rdacontent |
||
| 337 |
_aunmediated _bn _2rdamedia |
||
| 338 |
_avolume _bnc _2rdacarrier |
||
| 650 | 4 |
_aالفن- الفن التشكيلي في إربد-الفن التشكيلي _949199 |
|
| 999 |
_aA21594 _c25162 _d25162 |
||